000 00789nas a2200277 4500
001 BR2013000175
003 BR-BrBNA
005 20231205121836.0
007 ta
008 230509b bl.|||p| |||| 00| 00por d
040 _aBR-BrBNA
_bpor
_cBiblioteca Nacional de Agricultura
041 _a(Pt)
072 _aH10; F01
100 1 _aChiaradia, L.A.
100 1 _aPoletto, E.J.
245 1 _aDanos e manejo do percevejo-raspador-das-pastagens
650 _aPRAGA DE PLANTA
650 _aPERCEVEJO
650 _aPLANTA HOSPEDEIRA
650 _aGRAMÍNEA
650 _aMANEJO
650 _aNINFA
773 0 _tAgropecuária Catarinense (Brazil)
_xISSN 0103-0779
_g(Nov 2012), v. 25(3) p. 39-41
_wBR2013000175
909 _a202311
_bLúcia
_c55
_dLúcia Elande
942 _2AGRIS
_n0
_cANA
999 _c225519
_d225519